[Event "SR 2. liga A 2013/2014"]
[Site "?"]
[Date "2014.03.16"]
[Round "11.1"]
[White "Federic, Jozef"]
[Black "Jacko, Vladimir"]
[Result "1-0"]
[WhiteElo "2269"]
[BlackElo "2281"]
[PlyCount "79"]
[EventDate "2013.??.??"]

1. d4 Nf6 2. Nf3 g6 3. c4 Bg7 4. g3 O-O 5. Bg2 d6 6. O-O Nbd7 7. Nc3 e5 8. h3
exd4 9. Nxd4 a6 10. Be3 h6 11. Rc1 Rb8 12. a4 Re8 13. b3 Kh7 14. Qc2 Ne5 15.
Qd2 Bd7 16. Rfd1 Nc6 17. g4 Bxg4 18. hxg4 Nxg4 19. Nxc6 Qh4 20. Nxb8 Rxe3 21.
Qxe3 Nxe3 22. fxe3 Qd8 23. c5 Qxb8 24. cxd6 cxd6 25. Nd5 h5 26. Rc7 f5 27. Rdc1
Qd8 28. Re7 Kh6 29. Rcc7 Be5 30. Nf4 Qh8 31. Rh7+ Qxh7 32. Rxh7+ Kxh7 33. Bxb7
a5 34. Nd5 g5 35. b4 axb4 36. Nxb4 Bc3 37. Nc6 Bd2 38. Kf2 h4 39. a5 h3 40. a6
1-0

[Event "SR 2. liga A 2013/2014"]
[Site "?"]
[Date "2014.03.16"]
[Round "11.1"]
[White "Janos, Martin"]
[Black "Banas, Kamil"]
[Result "0-1"]
[WhiteElo "2213"]
[BlackElo "2221"]
[PlyCount "118"]
[EventDate "2013.??.??"]

1. d4 d5 2. c4 e6 3. Nc3 c6 4. e3 Bd6 5. f4 Qh4+ 6. g3 Qe7 7. Nf3 Nf6 8. b3 O-O
9. Bd3 Bb4 10. Bd2 dxc4 11. bxc4 c5 12. a3 Ba5 13. Ne2 Nc6 14. O-O Bxd2 15.
Qxd2 cxd4 16. exd4 b6 17. Ne5 Bb7 18. Qe3 Rad8 19. g4 Nxe5 20. fxe5 Nxg4 21.
Qg3 Nh6 22. Rf4 f5 23. exf6 Rxf6 24. Rxf6 Qxf6 25. Rf1 Qe7 26. Qe5 Nf7 27. Qg3
Ba8 28. h3 Qb7 29. Kh2 Qe7 30. Kg1 Nh6 31. Rf4 Nf5 32. Bxf5 exf5 33. Qf2 Be4
34. Qg3 h6 35. Rf1 Rc8 36. Rc1 Qg5 37. Kf2 Qxg3+ 38. Nxg3 Bd3 39. Rc3 Bxc4 40.
Nxf5 Rf8 41. Rxc4 Rxf5+ 42. Kg3 Ra5 43. a4 Kf7 44. Kf4 Ke6 45. Ke4 Kd6 46. Rc8
Rh5 47. Rg8 Rh4+ 48. Kd3 Rxh3+ 49. Kc4 Rg3 50. Ra8 a5 51. Ra6 Kc6 52. Ra8 Rg6
53. Rc8+ Kd7 54. Rf8 h5 55. Rf4 Kc6 56. Kd3 Rh6 57. Ke4 h4 58. Rf2 h3 59. Rh2
Kd6 0-1

[Event "SR 2. liga A 2013/2014"]
[Site "?"]
[Date "2014.03.16"]
[Round "11.1"]
[White "Matejovic, Juraj"]
[Black "Certek, Pavel"]
[Result "1/2-1/2"]
[WhiteElo "2186"]
[BlackElo "2286"]
[PlyCount "89"]
[EventDate "2013.??.??"]

1. e4 c5 2. Nf3 Nc6 3. Nc3 g6 4. d4 cxd4 5. Nxd4 Bg7 6. Be3 Nf6 7. Nxc6 bxc6 8.
e5 Ng8 9. Bd4 Qc7 10. e6 Nf6 11. exd7+ Bxd7 12. Bc4 O-O 13. Qe2 c5 14. Be5 Qb7
15. O-O Bc6 16. f3 Rad8 17. a4 Nh5 18. b3 Nf4 19. Qe3 Nd5 20. Bxd5 Bxd5 21.
Bxg7 Kxg7 22. Qxc5 Be6 23. Rad1 Bf5 24. Rxd8 Rxd8 25. Rd1 Rc8 26. Qd4+ f6 27.
Rd2 a6 28. Ne4 Rc7 29. Qe3 Qb4 30. c4 Bxe4 31. fxe4 Rc5 32. Rd5 Rc6 33. h4 Rb6
34. Rd3 Re6 35. Rd5 Qa3 36. Kf2 Qb2+ 37. Kg3 Qb1 38. Rd4 Re5 39. Kh2 Rh5 40. g3
Re5 41. Qd3 Qe1 42. Qd2 Qb1 43. Qd1 Qb2+ 44. Rd2 Qc3 45. Rd3 1/2-1/2

[Event "SR 2. liga A 2013/2014"]
[Site "?"]
[Date "2014.03.16"]
[Round "11.1"]
[White "Janos, Jozef"]
[Black "Mydlarik, Martin"]
[Result "1-0"]
[WhiteElo "2123"]
[BlackElo "2112"]
[PlyCount "123"]
[EventDate "2013.??.??"]

1. Nf3 g6 2. c4 Bg7 3. d4 c5 4. d5 d6 5. Nc3 Nf6 6. e4 O-O 7. Be2 b5 8. cxb5 a6
9. O-O axb5 10. Bxb5 Qb6 11. a4 Na6 12. Nd2 Nb4 13. Nc4 Qc7 14. f3 h6 15. Be3
Ba6 16. Qd2 Kh7 17. Rfd1 Nd7 18. Qe2 Rfb8 19. Bxa6 Rxa6 20. Nb5 Qb7 21. Ra3
Rba8 22. Rda1 Nb6 23. Nxb6 Qxb6 24. Bf2 Ra5 25. g4 Qd8 26. Kg2 Qh8 27. Nc3 Be5
28. Qd2 Qf6 29. Bg3 g5 30. Bxe5 dxe5 31. Ne2 Qd6 32. Nc3 c4 33. h4 Nd3 34. hxg5
Nf4+ 35. Kg3 hxg5 36. Rh1+ Kg7 37. Raa1 Qg6 38. Rh2 Rh8 39. Rah1 Rxh2 40. Rxh2
Qb6 41. Rh1 Ra8 42. Qh2 Ng6 43. Qf2 Qf6 44. Qe3 Nf4 45. Qd2 Nd3 46. Kg2 Rb8 47.
Nb5 Kg6 48. Qc2 Rh8 49. Qb1 Rxh1 50. Qxh1 Qf4 51. Qf1 Qd2+ 52. Kg3 Qxb2 53. d6
exd6 54. Nxd6 Qd4 55. Nf5 Qc5 56. Qg2 Qb4 57. Qh1 Qe1+ 58. Qxe1 Nxe1 59. a5 c3
60. Ne3 c2 61. Nxc2 Nxc2 62. a6 1-0

[Event "SR 2. liga A 2013/2014"]
[Site "?"]
[Date "2014.03.16"]
[Round "11.1"]
[White "Kundrak, Vladimir"]
[Black "Tepper, Frantisek"]
[Result "0-1"]
[WhiteElo "1945"]
[BlackElo "2153"]
[PlyCount "48"]
[EventDate "2013.??.??"]

1. b3 e5 2. Bb2 Nc6 3. e3 Nf6 4. Bb5 d6 5. Nf3 a6 6. Bxc6+ bxc6 7. d3 Be7 8.
Nbd2 O-O 9. O-O Bg4 10. e4 Nd7 11. Qe1 Bf6 12. h3 Bh5 13. g4 Bg6 14. Nc4 Nc5
15. Ne3 Ne6 16. Ng2 h5 17. Nd2 Bg5 18. Nc4 Bf4 19. Nce3 Ng5 20. f3 Nxh3+ 21.
Kh1 Qg5 22. Nxf4 exf4 23. gxh5 fxe3 24. hxg6 Nf4 0-1

[Event "SR 2. liga A 2013/2014"]
[Site "?"]
[Date "2014.03.16"]
[Round "11.1"]
[White "Fabry, Robert"]
[Black "Sustak, Roman"]
[Result "1-0"]
[WhiteElo "2132"]
[BlackElo "1887"]
[PlyCount "65"]
[EventDate "2013.??.??"]

1. Nf3 Nf6 2. b3 g6 3. Bb2 Bg7 4. e3 O-O 5. Be2 c5 6. O-O Nc6 7. d4 cxd4 8.
Nxd4 a6 9. c4 Qc7 10. Nc3 e6 11. Rc1 b6 12. Na4 Qa7 13. Ba3 Re8 14. Nxc6 dxc6
15. Qc2 c5 16. Rfd1 Qc7 17. b4 cxb4 18. Bxb4 Bf8 19. Bxf8 Rxf8 20. Qb2 Nd7 21.
Qb4 Rb8 22. Rb1 b5 23. cxb5 axb5 24. Bxb5 Ne5 25. Qc5 Rb7 26. h3 Qb8 27. Nc3
Bd7 28. a4 Rc8 29. Qd4 Nc6 30. Qd6 Qa7 31. Ne4 Kg7 32. Nc5 Rbc7 33. Nxd7 1-0

[Event "SR 2. liga A 2013/2014"]
[Site "?"]
[Date "2014.03.16"]
[Round "11.1"]
[White "Hlubovic, Michal"]
[Black "Kolman, Richard"]
[Result "0-1"]
[WhiteElo "1782"]
[BlackElo "2072"]
[PlyCount "62"]
[EventDate "2013.??.??"]

1. Nf3 Nf6 2. g3 d5 3. Bg2 Bf5 4. d3 Nbd7 5. Nbd2 e5 6. O-O Bc5 7. h3 Qe7 8.
Nh4 Be6 9. e4 dxe4 10. dxe4 O-O-O 11. Qf3 g6 12. Nb3 Bb6 13. Bh6 Ne8 14. Rad1
Nd6 15. Rfe1 Kb8 16. Rd2 Nc4 17. Rdd1 Nxb2 18. Bg7 f6 19. Rxd7 Qxd7 20. Bxf6
Rhf8 21. g4 g5 22. Bxd8 Rxf3 23. Nxf3 Qxd8 24. Nxe5 Bxb3 25. axb3 Bxf2+ 26.
Kxf2 Qd4+ 27. Ke2 Qxe5 28. Rf1 a5 29. Rf5 Qc3 30. e5 Qxc2+ 31. Kf1 Nd1 0-1

[Event "SR 2. liga A 2013/2014"]
[Site "?"]
[Date "2014.03.16"]
[Round "11.1"]
[White "Kuna, Vladimir"]
[Black "Horvath, Marek"]
[Result "1/2-1/2"]
[WhiteElo "1997"]
[BlackElo "1811"]
[PlyCount "80"]
[EventDate "2013.??.??"]

1. d4 d5 2. Nf3 Nf6 3. c4 e6 4. Nc3 Be7 5. Bg5 O-O 6. e3 c6 7. Bd3 dxc4 8. Bxc4
b5 9. Bd3 Bb7 10. O-O a6 11. Rc1 Nbd7 12. Bxf6 Nxf6 13. Ne5 Rc8 14. Bb1 c5 15.
dxc5 Bxc5 16. a3 Qc7 17. Ng4 Qe7 18. Nxf6+ Qxf6 19. Qg4 Qe5 20. Rfd1 Bxa3 21.
bxa3 Rxc3 22. Rxc3 Qxc3 23. a4 Bd5 24. axb5 axb5 25. h4 f5 26. Qe2 b4 27. h5 b3
28. e4 fxe4 29. Bxe4 Bxe4 30. Qxe4 Qf6 31. f3 b2 32. Rb1 Rb8 33. g4 g5 34. hxg6
Qxg6 35. Qe1 h5 36. Kf2 hxg4 37. Qe5 Rf8 38. Rxb2 Rxf3+ 39. Kg2 Rf8 40. Re2 Qf5
1/2-1/2

[Event "SR 2. liga A 2013/2014"]
[Site "?"]
[Date "2014.03.16"]
[Round "11.2"]
[White "Bochnickova, Andrea"]
[Black "Rohacek, Miroslav"]
[Result "1/2-1/2"]
[WhiteElo "2164"]
[BlackElo "2246"]
[PlyCount "53"]
[EventDate "2013.??.??"]

1. e4 c5 2. Nf3 d6 3. d4 cxd4 4. Nxd4 Nf6 5. Nc3 a6 6. Be2 e5 7. Nb3 Be7 8. f4
O-O 9. Be3 Nbd7 10. Qd2 b5 11. Bf3 exf4 12. Bxf4 Ne5 13. O-O-O Be6 14. Nd4 Qc7
15. Nf5 Bxf5 16. exf5 Nxf3 17. gxf3 Qc4 18. Rhg1 b4 19. Bh6 bxc3 20. Qe3 cxb2+
21. Kb1 Rfc8 22. Rxg7+ Kh8 23. Rg2 Nd5 24. Bg7+ Kg8 25. Bh6+ Kh8 26. Bg7+ Kg8
27. Bh6+ 1/2-1/2

[Event "SR 2. liga A 2013/2014"]
[Site "?"]
[Date "2014.03.16"]
[Round "11.2"]
[White "Kimerling, Martin"]
[Black "Varholakova, Niki"]
[Result "1-0"]
[WhiteElo "2109"]
[BlackElo "2151"]
[PlyCount "89"]
[EventDate "2013.??.??"]

1. d4 d5 2. c4 e6 3. Nc3 Nf6 4. Nf3 c5 5. cxd5 exd5 6. g3 Nc6 7. Bg2 cxd4 8.
Nxd4 Bb4 9. O-O h6 10. Nxc6 bxc6 11. Qa4 Qb6 12. Nxd5 Nxd5 13. Bxd5 Bd7 14. Bf3
Rd8 15. Rd1 O-O 16. Be3 Bc5 17. Bxc5 Qxc5 18. Rac1 Qe5 19. Rd2 Be6 20. Rcd1
Rxd2 21. Rxd2 Rb8 22. Qxc6 Bxa2 23. Qa4 Qc5 24. Kg2 Be6 25. Qh4 Qa5 26. Qf4 Rc8
27. h4 Qa1 28. Bb7 Re8 29. Qc7 Qa2 30. Rd8 Rxd8 31. Qxd8+ Kh7 32. Qd3+ Kg8 33.
Be4 f5 34. Bxf5 Bxf5 35. Qxf5 Qxb2 36. Qe6+ Kf8 37. Qc8+ Kf7 38. Qc7+ Kf6 39.
Qxa7 Qxe2 40. Qa3 Kg6 41. Qf3 Qe1 42. g4 Kh7 43. Qf5+ Kg8 44. g5 hxg5 45. hxg5
1-0

[Event "SR 2. liga A 2013/2014"]
[Site "?"]
[Date "2014.03.16"]
[Round "11.2"]
[White "Madar, Martin"]
[Black "Machalova, Maria"]
[Result "1-0"]
[WhiteElo "2135"]
[BlackElo "2091"]
[PlyCount "99"]
[EventDate "2013.??.??"]

1. e4 c5 2. d3 Nc6 3. Nd2 g6 4. Ngf3 Bg7 5. g3 d6 6. c3 e6 7. Bg2 Nge7 8. O-O
O-O 9. Re1 Rb8 10. Nb3 b5 11. d4 c4 12. Nbd2 e5 13. d5 Na5 14. b4 cxb3 15. axb3
Qc7 16. Qc2 f5 17. b4 Nc4 18. Nxc4 bxc4 19. Bg5 Rf7 20. Nd2 fxe4 21. Bxe4 Bf5
22. Bxe7 Qxe7 23. Nxc4 Rbf8 24. Bxf5 Rxf5 25. Re2 Bh6 26. Ra6 R5f6 27. Qa2 R8f7
28. Kg2 e4 29. Qc2 e3 30. fxe3 Qd7 31. e4 Qg4 32. Ra1 Qf3+ 33. Kg1 Qg4 34. Rae1
Qh3 35. Rg2 Qg4 36. Rge2 Qh3 37. Rg2 Qg4 38. Qe2 Rf3 39. Rf2 Qh5 40. Ref1 Rxf2
41. Rxf2 Rc7 42. Qd3 Bg7 43. Kg2 Qg5 44. Nxd6 Rxc3 45. Qb5 Qe7 46. Qb8+ Bf8 47.
e5 Rb3 48. Rf7 Rxb4 49. Rxf8+ Qxf8 50. Qxb4 1-0

[Event "SR 2. liga A 2013/2014"]
[Site "?"]
[Date "2014.03.16"]
[Round "11.2"]
[White "Machalova, Erika"]
[Black "Gazi, Mikulas"]
[Result "1/2-1/2"]
[WhiteElo "2096"]
[BlackElo "2108"]
[PlyCount "40"]
[EventDate "2013.??.??"]

1. d4 Nf6 2. c4 g6 3. Nc3 d5 4. cxd5 Nxd5 5. e4 Nxc3 6. bxc3 Bg7 7. Bc4 c5 8.
Ne2 cxd4 9. cxd4 Nc6 10. Be3 Qa5+ 11. Qd2 Qxd2+ 12. Kxd2 O-O 13. Rhd1 Rd8 14.
Ke1 Na5 15. Rac1 Bd7 16. Bd3 Ba4 17. Bc2 Bb5 18. Bd3 Ba4 19. Bc2 Bb5 20. Bd3
Ba4 1/2-1/2

[Event "SR 2. liga A 2013/2014"]
[Site "?"]
[Date "2014.03.16"]
[Round "11.2"]
[White "Janos, Ivan"]
[Black "Sklars, Tomas"]
[Result "1-0"]
[WhiteElo "2105"]
[BlackElo "2004"]
[PlyCount "73"]
[EventDate "2013.??.??"]

1. e4 c5 2. a3 g6 3. b4 Bg7 4. Nc3 b6 5. Rb1 Nc6 6. g3 d6 7. Bg2 Nf6 8. Nge2
Bb7 9. bxc5 dxc5 10. e5 Nd7 11. e6 fxe6 12. Nf4 Kf7 13. O-O Re8 14. Nxe6 Kxe6
15. Bd5+ Kd6 16. Nb5+ Kxd5 17. Qg4 Nce5 18. c4+ Nxc4 19. d4 Nf6 20. Qe2 Kc6 21.
Qe6+ Nd6 22. dxc5 bxc5 23. Be3 Nd5 24. Bxc5 Kxc5 25. Rfc1+ Nc4 26. Rb4 Nxb4 27.
Qxc4+ Kb6 28. Qc5+ Ka6 29. a4 Bc6 30. Qxb4 Kb7 31. Nd6+ Kc7 32. Nb5+ Kb7 33.
Nd6+ Kc7 34. Qb7+ Kxd6 35. Qxc6+ Ke5 36. Re1+ Kd4 37. Re4+ 1-0

[Event "SR 2. liga A 2013/2014"]
[Site "?"]
[Date "2014.03.16"]
[Round "11.2"]
[White "Sahidi, Samir"]
[Black "Michal, Silvio"]
[Result "1-0"]
[WhiteElo "1885"]
[BlackElo "2095"]
[PlyCount "125"]
[EventDate "2013.??.??"]

1. e4 Nf6 2. Nc3 d5 3. e5 d4 4. Nce2 Ne4 5. d3 Nc5 6. f4 Nc6 7. Nf3 Bg4 8. Ng3
g5 9. fxg5 Nxe5 10. Be2 Bxf3 11. Bxf3 c6 12. O-O Nxf3+ 13. Qxf3 Qd5 14. Qg4 Qd7
15. Qf4 Qd5 16. b3 h6 17. g6 fxg6 18. Bb2 O-O-O 19. Rae1 h5 20. Qf7 Bh6 21.
Qxd5 Rxd5 22. Rxe7 Rhd8 23. Bc1 Bxc1 24. Rxc1 R8d7 25. Rce1 Rxe7 26. Rxe7 Rd7
27. Re5 b6 28. Ne2 Rd6 29. Rg5 Nd7 30. Nf4 Nf8 31. g3 Rf6 32. Re5 Kd7 33. Kg2
h4 34. Re4 c5 35. gxh4 Kd6 36. Kg3 Nd7 37. a4 Ne5 38. Re2 Rf5 39. Nh3 Rf1 40.
Rf2 Rxf2 41. Nxf2 Ke6 42. Kf4 Nc6 43. Kg5 Kf7 44. Ng4 Ne7 45. Nh6+ Ke6 46. Ng4
a6 47. Nf2 Kf7 48. Ne4 a5 49. Nd6+ Kg7 50. h5 Kh7 51. Nc4 gxh5 52. Nxb6 Nc6 53.
Nd5 Ne5 54. Nf6+ Kg7 55. Nxh5+ Kf7 56. Kf4 Nc6 57. Ng3 Nb4 58. Ne4 Ke6 59. h4
Nxc2 60. h5 Ne1 61. Nxc5+ Kd5 62. h6 Kxc5 63. Ke4 1-0

[Event "SR 2. liga A 2013/2014"]
[Site "?"]
[Date "2014.03.16"]
[Round "11.2"]
[White "Hulla, Stanislav"]
[Black "Vrtiakova, Anna"]
[Result "0-1"]
[WhiteElo "1978"]
[BlackElo "1788"]
[PlyCount "144"]
[EventDate "2013.??.??"]

1. d4 d5 2. c4 e6 3. Nc3 Nf6 4. cxd5 exd5 5. Bg5 Be7 6. e3 O-O 7. Bd3 h6 8. Bh4
b6 9. Nge2 Bb7 10. O-O Nbd7 11. Qc2 c5 12. f3 c4 13. Bf5 a6 14. e4 dxe4 15.
fxe4 b5 16. a3 Re8 17. e5 Nd5 18. Bxe7 Qxe7 19. Nxd5 Bxd5 20. Nf4 Be6 21. Bxe6
fxe6 22. Ng6 Qg5 23. Rf3 Nf8 24. Nf4 Rad8 25. Qe4 Rd7 26. Rg3 Qf5 27. Qxf5 exf5
28. Ne2 Ne6 29. Rd1 Red8 30. Rf3 g6 31. g4 Ng5 32. Rff1 fxg4 33. Rf6 Nf3+ 34.
Kf2 Nxe5 35. Rxa6 Nd3+ 36. Kg1 Rd6 37. Ra5 Rb8 38. Ra7 Nxb2 39. Rf1 Rf8 40.
Rxf8+ Kxf8 41. Rb7 Nd3 42. Rxb5 Ra6 43. Rb8+ Kf7 44. Rc8 Nb2 45. Rb8 Nd1 46.
Rc8 Ne3 47. Kf2 Rxa3 48. Rc7+ Kf6 49. Rc6+ Kg5 50. Re6 Nd1+ 51. Ke1 Re3 52. d5
Rd3 53. Rxg6+ Kxg6 54. Nf4+ Kf6 55. Nxd3 Ne3 56. Nf2 h5 57. d6 Ke6 58. Ne4 Nd5
59. Nd2 Nb6 60. Ne4 Ke5 61. Ng3 h4 62. Nf1 Kxd6 63. Ne3 Ke5 64. Nxg4+ Kf4 65.
Nf2 Kf3 66. Kf1 Nd5 67. Nh3 Ne3+ 68. Kg1 c3 69. Ng5+ Ke2 70. Ne4 c2 71. Nc3+
Kd2 72. Na2 Nd5 0-1

[Event "SR 2. liga A 2013/2014"]
[Site "?"]
[Date "2014.03.16"]
[Round "11.2"]
[White "Macko, Miroslav"]
[Black "Fuchs, Ladislav"]
[Result "1-0"]
[WhiteElo "1699"]
[BlackElo "1921"]
[PlyCount "53"]
[EventDate "2013.??.??"]

1. e4 e5 2. Nf3 Nc6 3. d4 exd4 4. Nxd4 Bc5 5. Nb3 Bb6 6. a4 a6 7. Nc3 Qf6 8.
Qe2 Nge7 9. Be3 Bxe3 10. Qxe3 d6 11. f4 Be6 12. g3 Bxb3 13. cxb3 Nd4 14. Qf2
Nxb3 15. Rd1 O-O 16. Bg2 c5 17. O-O Nd4 18. Rfe1 Rab8 19. e5 dxe5 20. Rxe5 Nec6
21. Rxc5 Rfe8 22. Rd5 Nf5 23. Ne4 Qg6 24. Qc5 Nfe7 25. Rg5 Qe6 26. Rd6 b6 27.
Qc3 1-0

[Event "SR 2. liga A 2013/2014"]
[Site "?"]
[Date "2014.03.16"]
[Round "11.3"]
[White "Janko, Michal"]
[Black "Slacky, Stanislav"]
[Result "1/2-1/2"]
[WhiteElo "2260"]
[BlackElo "2208"]
[PlyCount "23"]
[EventDate "2013.??.??"]

1. e4 Nc6 2. Nc3 Nf6 3. Nf3 d5 4. e5 Ne4 5. d4 f6 6. Bb5 Nxc3 7. bxc3 a6 8. Bd3
Bg4 9. h3 Bh5 10. exf6 exf6 11. Qe2+ Qe7 12. Qxe7+ 1/2-1/2

[Event "SR 2. liga A 2013/2014"]
[Site "?"]
[Date "2014.03.16"]
[Round "11.3"]
[White "Janko, Ladislav"]
[Black "Biro, Karol"]
[Result "1/2-1/2"]
[WhiteElo "2202"]
[BlackElo "2190"]
[PlyCount "22"]
[EventDate "2013.??.??"]

1. e4 e6 2. d4 d5 3. Nd2 a6 4. Ngf3 Nf6 5. Bd3 dxe4 6. Nxe4 Nxe4 7. Bxe4 Nd7 8.
O-O Nf6 9. Qe2 Nxe4 10. Qxe4 Qd5 11. Qxd5 exd5 1/2-1/2

[Event "SR 2. liga A 2013/2014"]
[Site "?"]
[Date "2014.03.16"]
[Round "11.3"]
[White "Kebis, Milos"]
[Black "Balogh, Peter"]
[Result "1/2-1/2"]
[WhiteElo "1997"]
[BlackElo "2081"]
[PlyCount "42"]
[EventDate "2013.??.??"]

1. c4 e5 2. Nc3 c6 3. e4 Nf6 4. Nf3 d6 5. d4 exd4 6. Nxd4 Be7 7. Be2 O-O 8. O-O
Re8 9. f3 Bf8 10. Be3 Na6 11. a3 Nc7 12. Qd2 Ne6 13. Nxe6 Bxe6 14. Rfd1 Qc7 15.
Rac1 Rac8 16. b4 b6 17. c5 dxc5 18. bxc5 b5 19. Na2 Bxa2 20. Qxa2 Red8 21. Rxd8
Rxd8 1/2-1/2

[Event "SR 2. liga A 2013/2014"]
[Site "?"]
[Date "2014.03.16"]
[Round "11.3"]
[White "Dvorsky, Jozef"]
[Black "Faltan, Peter"]
[Result "1/2-1/2"]
[WhiteElo "2013"]
[BlackElo "1988"]
[PlyCount "34"]
[EventDate "2013.??.??"]

1. e4 e5 2. Nf3 Nf6 3. Nxe5 d6 4. Nf3 Nxe4 5. d4 d5 6. Bd3 Bf5 7. O-O Be7 8.
Re1 O-O 9. c4 c6 10. Nc3 Nxc3 11. bxc3 Bxd3 12. Qxd3 Bf6 13. Ba3 Re8 14. Rxe8+
Qxe8 15. cxd5 cxd5 16. Re1 Qc6 17. h3 Nd7 1/2-1/2

[Event "SR 2. liga A 2013/2014"]
[Site "?"]
[Date "2014.03.16"]
[Round "11.3"]
[White "Mikulasek, Viktor"]
[Black "Kosar, Mikulas ml"]
[Result "1-0"]
[WhiteElo "1873"]
[BlackElo "1881"]
[PlyCount "25"]
[EventDate "2013.??.??"]

1. e4 d5 2. exd5 Nf6 3. c4 c6 4. dxc6 Nxc6 5. Nc3 e5 6. h3 Bc5 7. d3 O-O 8. Be2
Bf5 9. a3 Qb6 10. Na4 Bxf2+ 11. Kf1 Qd4 12. Nf3 Qd6 13. Kxf2 1-0

[Event "SR 2. liga A 2013/2014"]
[Site "?"]
[Date "2014.03.16"]
[Round "11.3"]
[White "Puobis, Jozef"]
[Black "Zacka, Ladislav"]
[Result "1/2-1/2"]
[WhiteElo "1857"]
[BlackElo "1768"]
[PlyCount "34"]
[EventDate "2013.??.??"]

1. d4 Nf6 2. Nf3 d5 3. c4 e6 4. Bg5 Be7 5. e3 O-O 6. Nc3 c6 7. Qc2 Nbd7 8. Be2
h6 9. Bh4 Re8 10. O-O dxc4 11. Bxc4 Nh5 12. Bxe7 Qxe7 13. Rad1 Nhf6 14. Bd3 e5
15. Bf5 exd4 16. Nxd4 Ne5 17. Bxc8 Raxc8 1/2-1/2

[Event "SR 2. liga A 2013/2014"]
[Site "?"]
[Date "2014.03.16"]
[Round "11.3"]
[White "Bukovcak, Jaroslav"]
[Black "Kosar, Mikulas st"]
[Result "0-1"]
[WhiteElo "1779"]
[BlackElo "1701"]
[PlyCount "70"]
[EventDate "2013.??.??"]

1. e4 e5 2. Nf3 Nf6 3. Nc3 Nc6 4. d4 exd4 5. Nxd4 Nxd4 6. Qxd4 d6 7. Bb5+ c6 8.
Bd3 Ng4 9. h3 Ne5 10. Bf4 Nxd3+ 11. Qxd3 Qf6 12. Bg3 Be7 13. Rd1 O-O 14. Bxd6
Bxd6 15. Qxd6 Qg5 16. Qg3 Qe7 17. O-O Be6 18. Qd6 Qd8 19. Qxd8 Rfxd8 20. a3 Kf8
21. Rxd8+ Rxd8 22. Rd1 Rxd1+ 23. Nxd1 Ke7 24. f4 Kd6 25. Kf2 f5 26. e5+ Kd5 27.
Ke3 Kc5 28. b3 b5 29. g3 h5 30. h4 a5 31. Nb2 b4 32. Nd3+ Kb5 33. axb4 axb4 34.
Kd4 Bf7 35. Nxb4 Kxb4 0-1

[Event "SR 2. liga A 2013/2014"]
[Site "?"]
[Date "2014.03.16"]
[Round "11.4"]
[White "Takacs, Laszlo"]
[Black "Sosovicka, Juraj"]
[Result "1/2-1/2"]
[WhiteElo "2130"]
[BlackElo "2188"]
[PlyCount "49"]
[EventDate "2013.??.??"]

1. e4 e5 2. Nf3 Nc6 3. Bb5 f5 4. d3 fxe4 5. dxe4 Nf6 6. O-O Bc5 7. Nc3 d6 8. h3
O-O 9. Bg5 Qe8 10. Qd3 Be6 11. Bc4 Bxc4 12. Qxc4+ Qf7 13. Qxf7+ Kxf7 14. Bxf6
gxf6 15. Nd5 Rac8 16. Nh4 Ne7 17. Nxe7 Kxe7 18. Nf5+ Ke6 19. Rad1 Rcd8 20. c4
c6 21. Ng7+ Kf7 22. Nf5 Ke6 23. Ng7+ Kf7 24. Nf5 Ke6 25. Ng7+ 1/2-1/2

[Event "SR 2. liga A 2013/2014"]
[Site "?"]
[Date "2014.03.16"]
[Round "11.4"]
[White "Zatko, Gregor"]
[Black "Rachela, Jozef"]
[Result "1-0"]
[WhiteElo "2188"]
[BlackElo "2078"]
[PlyCount "85"]
[EventDate "2013.??.??"]

1. e4 g6 2. d4 Bg7 3. Nc3 d6 4. Be3 Nf6 5. h3 O-O 6. Nf3 c6 7. a4 Nbd7 8. Be2
e5 9. dxe5 dxe5 10. O-O Qc7 11. a5 Rd8 12. Nd2 Nf8 13. Qb1 Ne6 14. Rd1 Nd4 15.
Bf1 Be6 16. b4 Nh5 17. Na4 f5 18. Nc5 Bf7 19. Bg5 Rf8 20. exf5 gxf5 21. Nc4 e4
22. c3 Nb5 23. Rd7 Qc8 24. Qc2 Rb8 25. Rad1 Bf6 26. Qc1 f4 27. Nxe4 Bd5 28.
Nxf6+ Nxf6 29. Re7 Qf5 30. Re5 Qg6 31. Bxf4 Ne4 32. f3 Rxf4 33. Qxf4 Rf8 34.
Qh4 Rxf3 35. Rxe4 Bxe4 36. Rd8+ Rf8 37. Ne5 Qf5 38. Rxf8+ Kxf8 39. Qd8+ Kg7 40.
Qe7+ Kh6 41. Bc4 Qf4 42. Ng4+ Kh5 43. Qxe4 1-0

[Event "SR 2. liga A 2013/2014"]
[Site "?"]
[Date "2014.03.16"]
[Round "11.4"]
[White "Merva, Frantisek"]
[Black "Oprea, Erik"]
[Result "1-0"]
[WhiteElo "2022"]
[BlackElo "2130"]
[PlyCount "131"]
[EventDate "2013.??.??"]

1. d4 d6 2. Nf3 c6 3. Bg5 Nf6 4. Nbd2 Nbd7 5. e3 Qc7 6. Be2 e5 7. O-O Be7 8. a4
O-O 9. a5 Re8 10. Bh4 e4 11. Ne1 d5 12. c4 Nf8 13. cxd5 cxd5 14. Bg3 Bd6 15.
Rc1 Qe7 16. Bxd6 Qxd6 17. Qb3 Bg4 18. f3 exf3 19. Bxf3 Bxf3 20. Ndxf3 Ng4 21.
Qxb7 Qh6 22. h3 Nxe3 23. Rf2 Reb8 24. Qe7 Ng6 25. Qg5 Qxg5 26. Nxg5 Rxb2 27.
Rc7 f6 28. Ne6 Re8 29. Nxg7 Re7 30. Rxe7 Nxe7 31. Nh5 N7f5 32. Nxf6+ Kg7 33.
Nxd5 Nxd5 34. Rxf5 Ne3 35. Rg5+ Kf7 36. Nf3 h6 37. Ne5+ Ke6 38. Rg3 Nf5 39.
Rg6+ Kd5 40. Nf3 Ke4 41. Kh2 Ke3 42. Rf6 Ke4 43. d5 Ne3 44. d6 Rxg2+ 45. Kh1
Rg7 46. Nh4 Rb7 47. Re6+ Kd3 48. Re7 Rb8 49. d7 Rd8 50. Ng6 Rb8 51. Nf4+ Kd2
52. Re8 Rb1+ 53. Kh2 Nf1+ 54. Kg2 Ne3+ 55. Rxe3 Kxe3 56. d8=Q h5 57. Qd3+ Kxf4
58. Qxb1 h4 59. Kf2 a6 60. Qb4+ Kg5 61. Kf3 Kh6 62. Qg4 Kh7 63. Kf4 Kh6 64. Kf5
Kh7 65. Kf6 Kh8 66. Qg7# 1-0

[Event "SR 2. liga A 2013/2014"]
[Site "?"]
[Date "2014.03.16"]
[Round "11.4"]
[White "Hricak, Vasil"]
[Black "Kahancova, Jana"]
[Result "0-1"]
[WhiteElo "2118"]
[BlackElo "1652"]
[PlyCount "74"]
[EventDate "2013.??.??"]

1. e4 e5 2. Nf3 Nc6 3. d4 exd4 4. Bc4 Nf6 5. O-O Be7 6. e5 Ne4 7. Bf4 d5 8. Bb5
Bg4 9. Nbd2 O-O 10. Nb3 Bg5 11. Bxg5 Nxg5 12. Be2 Nxf3+ 13. Bxf3 Bxf3 14. Qxf3
Nxe5 15. Qg3 Nc4 16. Nxd4 Qf6 17. c3 c6 18. Qc7 Rab8 19. f3 Rfc8 20. Qd7 Ne5
21. Qh3 Nd3 22. Rab1 Qf4 23. Nf5 Rc7 24. g3 Qg5 25. f4 Qf6 26. g4 Nc5 27. g5
Qg6 28. Rbe1 Ne4 29. Qg4 Qe6 30. h4 Qd7 31. h5 Rf8 32. Rf3 b5 33. Rd3 Qc8 34.
a3 a5 35. Kh2 Nf2 36. Ne7+ Rxe7 37. Qxc8 Rxc8 0-1

[Event "SR 2. liga A 2013/2014"]
[Site "?"]
[Date "2014.03.16"]
[Round "11.4"]
[White "Kahanec, Jan"]
[Black "Sosovicka, Matej"]
[Result "0-1"]
[WhiteElo "1693"]
[BlackElo "2098"]
[PlyCount "70"]
[EventDate "2013.??.??"]

1. e4 c5 2. Nc3 d6 3. d3 Nc6 4. Be2 g6 5. Nf3 Bg7 6. Bd2 Nf6 7. h3 O-O 8. Bg5
a6 9. Qd2 b5 10. a3 Bb7 11. O-O Re8 12. Rab1 Nd4 13. Bd1 Ne6 14. Bh4 d5 15.
exd5 Nxd5 16. Nxd5 Qxd5 17. c3 Rad8 18. Be2 Be5 19. Bg3 Bf6 20. Rfd1 Bg5 21.
Qe1 Nf4 22. Bxf4 Bxf4 23. c4 Qf5 24. cxb5 axb5 25. Nh4 Qf6 26. Bf3 Bc8 27. g3
Bxh3 28. Ng2 Bxg3 29. fxg3 Qxf3 30. Qf2 Rxd3 31. Rxd3 Qxd3 32. Rf1 Qd4 33. Qxd4
cxd4 34. Re1 Bxg2 35. Kxg2 e5 0-1

[Event "SR 2. liga A 2013/2014"]
[Site "?"]
[Date "2014.03.16"]
[Round "11.4"]
[White "Gogora, Kristian"]
[Black "Szollos, Ondrej"]
[Result "0-1"]
[WhiteElo "1218"]
[BlackElo "1983"]
[PlyCount "88"]
[EventDate "2013.??.??"]

1. d4 Nf6 2. c4 c6 3. Nc3 d5 4. Bg5 Nbd7 5. e3 h6 6. Bh4 e6 7. Bd3 Be7 8. Nf3
O-O 9. O-O Re8 10. Qc2 dxc4 11. Bxc4 Nb6 12. Bb3 Nbd5 13. Nxd5 exd5 14. Qc3 Qb6
15. Bc2 Bg4 16. Ne5 Be2 17. Rfe1 Bb4 18. Qb3 Bxe1 19. Qxb6 axb6 20. Rxe1 Rxa2
21. Bxf6 gxf6 22. Nd7 Kg7 23. f3 Bb5 24. e4 Rxb2 25. Bb1 Rd2 26. e5 fxe5 27.
dxe5 Re7 28. Nf6 Re2 29. Nh5+ Kf8 30. Rxe2 Bxe2 31. f4 Bxh5 32. Kf2 c5 33. Ke3
Bg6 34. Ba2 Be4 35. g3 b5 36. Kd2 b4 37. Bb3 b5 38. f5 c4 39. Bd1 Rxe5 40. f6
d4 41. g4 Bg6 42. h4 c3+ 43. Kc1 d3 44. h5 d2# 0-1